[Event "CZE-chT1W 0607"]
[Site "Czech Republic"]
[Date "2007.03.18"]
[Round "10.4"]
[White "Tochacek, Michal"]
[Black "Choleva, Zdenek"]
[Result "1/2-1/2"]
[WhiteElo "2163"]
[BlackElo "2227"]
[PlyCount "48"]
[EventDate "2006.10.29"]
[EventType "team"]
[EventRounds "11"]
[EventCountry "CZE"]
[SourceTitle "EXT 2009"]
[Source "ChessBase"]
[SourceDate "2008.11.26"]
[SourceVersion "1"]
[SourceVersionDate "2008.11.26"]
[SourceQuality "1"]
[WhiteTeam "Praha Holdia"]
[BlackTeam "Bohemians"]
[WhiteTeamCountry "CZE"]
[BlackTeamCountry "CZE"]

1. d4 Nf6 2. c4 e5 3. dxe5 Ng4 4. Bf4 g5 5. Bg3 Nc6 6. Nf3 Bg7 7. h3 Ngxe5 8. Nxe5 Nxe5 9. e3 d6 10. Qc2 Be6 11. Nd2 Qd7 12. Be2 0-0-0 13. Nf3 Bf5 14. Qb3 Be4 15. Rd1 Nxf3+ 16. gxf3 Bc6 17. Qa3 Kb8 18. b4 Qf5 19. e4 Qf6 20. b5 Qc3+ 21. Qxc3 Bxc3+ 22. Kf1 Bd7 23. f4 gxf4 24. Bxf4 f5 1/2-1/2

[Event "CZE-chT1W 0607"]
[Site "Czech Republic"]
[Date "2007.01.21"]
[Round "6.8"]
[White "Choleva, Zdenek"]
[Black "Plesek, Jiri"]
[Result "1-0"]
[WhiteElo "2227"]
[BlackElo "2155"]
[PlyCount "91"]
[EventDate "2006.10.29"]
[EventType "team"]
[EventRounds "11"]
[EventCountry "CZE"]
[SourceTitle "EXT 2009"]
[Source "ChessBase"]
[SourceDate "2008.11.26"]
[SourceVersion "1"]
[SourceVersionDate "2008.11.26"]
[SourceQuality "1"]
[WhiteTeam "Bohemians"]
[BlackTeam "Praha Pankrac"]
[WhiteTeamCountry "CZE"]
[BlackTeamCountry "CZE"]

1. b3 Nf6 2. Bb2 d6 3. e3 g6 4. Bxf6 exf6 5. c4 Bg7 6. Nc3 f5 7. Rc1 Nd7 8. g3 Nc5 9. d4 Ne4 10. Bg2 Nxc3 11. Rxc3 a5 12. Ne2 0-0 13. 0-0 Re8 14. Qd2 c6 15. Rc2 Qb6 16. Nf4 Bd7 17. Rb1 Rad8 18. a3 g5 19. Nd3 c5 20. d5 Qc7 21. Bf1 b5 22. cxb5 Bxb5 23. Nxc5 dxc5 24. Bxb5 Re5 25. Bc6 f4 26. exf4 Rf5 27. Rxc5 gxf4 28. g4 Re5 29. Rc4 Rd6 30. Re1 Qe7 31. Rxe5 Bxe5 32. Re4 Qg5 33. f3 Rh6 34. Qe2 Bd6 35. Re8+ Kg7 36. Qb2+ f6 37. Qd4 Rh4 38. Bd7 Qg6 39. Qe4 Bc5+ 40. Kg2 Qg5 41. d6 Rxh2+ 42. Kf1 Bxd6 43. Bf5 Rh1+ 44. Ke2 Rc1 45. Re7+ Kf8 46. Rxh7 1-0

[Event "CZE-chT1W 0607"]
[Site "Czech Republic"]
[Date "2006.12.10"]
[Round "4.6"]
[White "Choleva, Zdenek"]
[Black "Vrana, Jan"]
[Result "0-1"]
[WhiteElo "2227"]
[BlackElo "2206"]
[PlyCount "104"]
[EventDate "2006.10.29"]
[EventType "team"]
[EventRounds "11"]
[EventCountry "CZE"]
[SourceTitle "EXT 2009"]
[Source "ChessBase"]
[SourceDate "2008.11.26"]
[SourceVersion "1"]
[SourceVersionDate "2008.11.26"]
[SourceQuality "1"]
[WhiteTeam "Bohemians"]
[BlackTeam "Novoborsky"]
[WhiteTeamCountry "CZE"]
[BlackTeamCountry "CZE"]

1. b3 d5 2. e3 c5 3. Bb2 Nf6 4. f4 a6 5. Nf3 Nc6 6. g3 e6 7. Bg2 b6 8. 0-0 Bb7 9. d3 Be7 10. Qe2 0-0 11. Nbd2 Qc7 12. Ne5 Rac8 13. Nxc6 Bxc6 14. Rae1 b5 15. g4 Nd7 16. g5 c4 17. Qh5 Ba8 18. Bd4 f6 19. Rf3 g6 20. Qh6 Rf7 21. Qh3 f5 22. Rf2 e5 23. fxe5 Nxe5 24. Bxe5 Qxe5 25. Nf3 Qc3 26. d4 Re8 27. Ne5 Qxe1+ 28. Rf1 Qxf1+ 29. Kxf1 Rg7 30. Qg3 Bd6 31. h4 Rge7 32. Qf4 Bxe5 33. dxe5 Rxe5 34. Bf3 Rxe3 35. Kf2 R3e5 36. h5 Bb7 37. Qd4 R8e7 38. Qb6 gxh5 39. Bxh5 R5e6 40. Qd4 cxb3 41. axb3 Bc6 42. Bf3 a5 43. Kg3 a4 44. bxa4 bxa4 45. Qc5 Kg7 46. c4 Rd7 47. Kf4 Red6 48. Kxf5 Rd8 49. Qd4+ Kg8 50. c5 Rg6 51. Bh5 Rf8+ 52. Kg4 Re6 0-1

[Event "CZE-chT1W 0607"]
[Site "Czech Republic"]
[Date "2006.10.29"]
[Round "1.6"]
[White "Hosek, Milan"]
[Black "Choleva, Zdenek"]
[Result "1/2-1/2"]
[WhiteElo "2248"]
[BlackElo "2227"]
[PlyCount "88"]
[EventDate "2006.10.29"]
[EventType "team"]
[EventRounds "11"]
[EventCountry "CZE"]
[SourceTitle "EXT 2009"]
[Source "ChessBase"]
[SourceDate "2008.11.26"]
[SourceVersion "1"]
[SourceVersionDate "2008.11.26"]
[SourceQuality "1"]
[WhiteTeam "Polabiny"]
[BlackTeam "Bohemians"]
[WhiteTeamCountry "CZE"]
[BlackTeamCountry "CZE"]

1. e4 c5 2. Nf3 Nc6 3. d4 cxd4 4. Nxd4 Nf6 5. Nc3 e5 6. Ndb5 d6 7. Bg5 a6 8. Na3 b5 9. Nd5 Be7 10. Bxf6 Bxf6 11. c3 0-0 12. Nc2 Rb8 13. Be2 Be6 14. Nxf6+ Qxf6 15. Qxd6 Rbc8 16. Qd3 Qg6 17. 0-0 Rfd8 18. Qe3 f5 19. exf5 Bxf5 20. Ne1 e4 21. a4 Ne5 22. axb5 axb5 23. f3 Nc4 24. Bxc4+ bxc4 25. Rf2 Re8 26. fxe4 Bxe4 27. Qd4 Red8 28. Qe3 Re8 29. Qd4 Red8 30. Qe5 Re8 31. Qb5 h6 32. Nf3 Rf8 33. Raf1 Bd3 34. Qd5+ Kh7 35. Ne5 Rxf2 36. Rxf2 Re8 37. Qd4 Re6 38. h3 Qg3 39. Nf3 Ra6 40. Nd2 Ra1+ 41. Nf1 Rb1 42. Qf4 Qxf4 43. Rxf4 Rxb2 44. Ne3 Rb3 1/2-1/2

[Event "CZE-chT2V 0203"]
[Site "Czech Republic"]
[Date "2003.??.??"]
[Round "1"]
[White "Cerny, Martin"]
[Black "Choleva, Zdenek"]
[Result "0-1"]
[WhiteElo "2227"]
[BlackElo "2286"]
[PlyCount "30"]
[EventDate "2002.10.??"]
[EventType "team"]
[EventRounds "11"]
[EventCountry "CZE"]
[SourceTitle "EXT 2007"]
[Source "ChessBase"]
[SourceDate "2006.11.23"]
[SourceVersion "1"]
[SourceVersionDate "2006.11.23"]
[SourceQuality "1"]
[WhiteTeam "Ricany"]
[BlackTeam "Bohemians II"]
[WhiteTeamCountry "CZE"]
[BlackTeamCountry "CZE"]

1. Nf3 c5 2. g3 Nc6 3. c4 e5 4. Nc3 d6 5. Bg2 Be7 6. 0-0 Be6 7. b3 Qd7 8. e3 Bg4 9. d3 h5 10. Bb2 h4 11. Qd2 Qf5 12. Nd5 Bxf3 13. Bxf3 Qxf3 14. Nc7+ Kd7 15. Nxa8 h3 0-1

[Event "CZE-chT2V 0203"]
[Site "Czech Republic"]
[Date "2003.??.??"]
[Round "1"]
[White "Choleva, Zdenek"]
[Black "Fiala, Jaroslav"]
[Result "1/2-1/2"]
[WhiteElo "2286"]
[BlackElo "2267"]
[PlyCount "37"]
[EventDate "2002.10.??"]
[EventType "team"]
[EventRounds "11"]
[EventCountry "CZE"]
[SourceTitle "EXT 2007"]
[Source "ChessBase"]
[SourceDate "2006.11.23"]
[SourceVersion "1"]
[SourceVersionDate "2006.11.23"]
[SourceQuality "1"]
[WhiteTeam "Bohemians II"]
[BlackTeam "Vrchlabi"]
[WhiteTeamCountry "CZE"]
[BlackTeamCountry "CZE"]

1. b3 Nf6 2. Bb2 g6 3. g4 Bg7 4. g5 Nh5 5. d4 c5 6. Nf3 Nc6 7. c3 cxd4 8. cxd4 d6 9. Qd2 Bg4 10. Bg2 e5 11. h3 Bd7 12. d5 Ne7 13. e3 a5 14. Nc3 b5 15. a4 b4 16. Ne4 Bf5 17. Qd3 0-0 18. Nfd2 Bc8 19. Nc4 1/2-1/2

[Event "CZE-chT2V 0203"]
[Site "Czech Republic"]
[Date "2003.??.??"]
[Round "1"]
[White "Simek, Petr1111"]
[Black "Choleva, Zdenek"]
[Result "1/2-1/2"]
[WhiteElo "2138"]
[BlackElo "2286"]
[PlyCount "27"]
[EventDate "2002.10.??"]
[EventType "team"]
[EventRounds "11"]
[EventCountry "CZE"]
[SourceTitle "EXT 2007"]
[Source "ChessBase"]
[SourceDate "2006.11.23"]
[SourceVersion "1"]
[SourceVersionDate "2006.11.23"]
[SourceQuality "1"]
[WhiteTeam "Kobylisy"]
[BlackTeam "Bohemians II"]
[WhiteTeamCountry "CZE"]
[BlackTeamCountry "CZE"]

1. e4 c5 2. Nf3 Nc6 3. d4 cxd4 4. Nxd4 e5 5. Nb5 Nf6 6. N1c3 d6 7. Bg5 a6 8. Na3 b5 9. Bxf6 gxf6 10. Nd5 f5 11. Bd3 Be6 12. 0-0 f4 13. c3 Rg8 14. Re1 1/2-1/2

[Event "CZE-chT2V 0203"]
[Site "Czech Republic"]
[Date "2002.??.??"]
[Round "1"]
[White "Choleva, Zdenek"]
[Black "Bernasek, Jan"]
[Result "0-1"]
[WhiteElo "2286"]
[BlackElo "2422"]
[PlyCount "132"]
[EventDate "2002.10.??"]
[EventType "team"]
[EventRounds "11"]
[EventCountry "CZE"]
[SourceTitle "EXT 2007"]
[Source "ChessBase"]
[SourceDate "2006.11.23"]
[SourceVersion "1"]
[SourceVersionDate "2006.11.23"]
[SourceQuality "1"]
[WhiteTeam "Bohemians II"]
[BlackTeam "AVE Kontakt"]
[WhiteTeamCountry "CZE"]
[BlackTeamCountry "CZE"]

1. b3 Nf6 2. Bb2 e6 3. e3 b6 4. f4 Bb7 5. Nf3 d6 6. Bb5+ Nbd7 7. 0-0 c6 8. Bd3 g6 9. Nc3 Bg7 10. Ne4 Qe7 11. Nxf6+ Bxf6 12. Bxf6 Nxf6 13. Qe2 0-0 14. Qf2 Nd7 15. e4 Nc5 16. Rae1 e5 17. Qg3 f6 18. fxe5 dxe5 19. Bc4+ Kh8 20. b4 Nd7 21. a3 a5 22. Nh4 axb4 23. axb4 g5 24. Nf5 Qxb4 25. Be6 Nc5 26. Bb3 Bc8 27. Qc3 Qxc3 28. dxc3 Bxf5 29. Rxf5 Ra3 30. Rd1 Nxb3 31. cxb3 Rxb3 32. Rf3 Kg7 33. Rd6 c5 34. Rc6 h5 35. h3 h4 36. g3 Rd8 37. gxh4 gxh4 38. Rf2 Rd3 39. Rfxf6 Rg3+ 40. Kf2 Rbxc3 41. Rxb6 c4 42. Rf5 Rc2+ 43. Kf1 c3 44. Rb7+ Kh6 45. Rb6+ Rg6 46. Rxg6+ Kxg6 47. Rf3 Rc1+ 48. Ke2 c2 49. Kd2 Re1 50. Kxc2 Rxe4 51. Kd2 Rf4 52. Ra3 Kf5 53. Ke2 Re4+ 54. Kf2 Rb4 55. Ra8 Rb2+ 56. Kg1 Kf4 57. Rg8 Kf3 58. Rf8+ Kg3 59. Rg8+ Kxh3 60. Kf1 Rb4 61. Re8 Rf4+ 62. Ke2 Kg3 63. Rxe5 h3 64. Rg5+ Kh4 65. Rg8 h2 66. Ke3 Rg4 0-1

[Event "CZE-chTV 0102"]
[Site "Czech Republic"]
[Date "2002.??.??"]
[Round "1"]
[White "Choleva, Zdenek"]
[Black "Prandstetter, Eduard"]
[Result "1-0"]
[WhiteElo "2251"]
[BlackElo "2395"]
[PlyCount "87"]
[EventDate "2001.??.??"]
[EventType "team"]
[EventRounds "11"]
[EventCountry "CZE"]
[SourceTitle "EXT 2003"]
[Source "ChessBase"]
[SourceDate "2002.11.25"]
[SourceVersion "1"]
[SourceVersionDate "2002.11.25"]
[SourceQuality "1"]
[WhiteTeam "Bohemians II"]
[BlackTeam "Infinity C"]
[WhiteTeamCountry "CZE"]
[BlackTeamCountry "CZE"]

1. b3 d5 2. e3 Nf6 3. Bb2 e6 4. f4 Be7 5. Nf3 0-0 6. Ne5 c5 7. d3 Nbd7 8. Be2 Nxe5 9. fxe5 Nd7 10. Bg4 Qc7 11. d4 f5 12. Bf3 b5 13. 0-0 Bb7 14. Nc3 Qb6 15. Kh1 Bg5 16. Bc1 b4 17. Ne2 a5 18. c4 dxc4 19. bxc4 Rfd8 20. Qc2 Rac8 21. Bxb7 Qxb7 22. e4 Bxc1 23. exf5 cxd4 24. Qxc1 d3 25. Nd4 Nf8 26. Nb5 Qb8 27. Nd6 Rc7 28. Qe3 exf5 29. Rxf5 Ng6 30. Qxd3 Rc5 31. Qd4 Qc7 32. Rd1 h6 33. h3 a4 34. Rdf1 Nxe5 35. Rxe5 Rxe5 36. Qxe5 Qxd6 37. Qxd6 Rxd6 38. Rb1 b3 39. axb3 Rb6 40. b4 Kf7 41. b5 Ke6 42. Ra1 Kd6 43. Rxa4 Kc5 44. Ra6 1-0

[Event "CZE-chT 0001"]
[Site "Czech Republic"]
[Date "2001.02.25"]
[Round "7"]
[White "Simacek, Pavel"]
[Black "Choleva, Zdenek"]
[Result "1-0"]
[WhiteElo "2390"]
[BlackElo "2256"]
[PlyCount "63"]
[EventDate "2000.11.19"]
[EventType "team-tourn"]
[EventRounds "11"]
[EventCountry "CZE"]
[SourceTitle "EXT 2019"]
[Source "ChessBase"]
[SourceDate "2018.10.10"]
[SourceVersion "1"]
[SourceVersionDate "2018.10.10"]
[SourceQuality "1"]
[WhiteTeam "Grygov A64 Valoz"]
[BlackTeam "Praha Mahrla"]
[WhiteTeamCountry "CZE"]
[BlackTeamCountry "CZE"]

1. e4 c5 2. Nf3 Nc6 3. d4 cxd4 4. Nxd4 e5 5. Nb5 Nf6 6. N1c3 d6 7. Nd5 Nxd5 8. exd5 Nb8 9. c4 Be7 10. Be2 0-0 11. 0-0 f5 12. Kh1 f4 13. c5 Rf6 14. b3 a6 15. cxd6 Bxd6 16. Nxd6 Qxd6 17. a4 Bf5 18. Ba3 Qd8 19. Bg4 Nd7 20. Rc1 Nf8 21. d6 Bxg4 22. Qxg4 Ne6 23. Rfe1 Qa5 24. d7 Qd8 25. Rcd1 Rg6 26. Qf5 Qh4 27. g3 fxg3 28. fxg3 Qd8 29. Rxe5 Rf6 30. Qe4 Kf7 31. Re1 Qxd7 32. Rxe6 1-0

[Event "CZE-chT 0001"]
[Site "Czech Republic"]
[Date "2001.02.24"]
[Round "6"]
[White "Choleva, Zdenek"]
[Black "Hlavnicka, Jiri"]
[Result "1/2-1/2"]
[WhiteElo "2256"]
[BlackElo "2241"]
[PlyCount "32"]
[EventDate "2000.11.19"]
[EventType "team-tourn"]
[EventRounds "11"]
[EventCountry "CZE"]
[SourceTitle "EXT 2019"]
[Source "ChessBase"]
[SourceDate "2018.10.10"]
[SourceVersion "1"]
[SourceVersionDate "2018.10.10"]
[SourceQuality "1"]
[WhiteTeam "Praha Mahrla"]
[BlackTeam "Pardubice RC Sport"]
[WhiteTeamCountry "CZE"]
[BlackTeamCountry "CZE"]

1. b3 e5 2. Bb2 Nc6 3. e3 Nf6 4. Bb5 d6 5. Ne2 a6 6. Bxc6+ bxc6 7. c4 Be7 8. d4 exd4 9. Qxd4 0-0 10. Nf4 d5 11. c5 a5 12. Nd2 Re8 13. 0-0 Bf8 14. a3 Ne4 15. b4 Ba6 16. Rfd1 axb4 1/2-1/2

[Event "CZE-chTV 0102"]
[Site "Czech Republic"]
[Date "2001.??.??"]
[Round "1"]
[White "Bernasek, Jan"]
[Black "Choleva, Zdenek"]
[Result "1-0"]
[WhiteElo "2235"]
[BlackElo "2251"]
[PlyCount "73"]
[EventDate "2001.??.??"]
[EventType "team"]
[EventRounds "11"]
[EventCountry "CZE"]
[SourceTitle "EXT 2003"]
[Source "ChessBase"]
[SourceDate "2002.11.25"]
[SourceVersion "1"]
[SourceVersionDate "2002.11.25"]
[SourceQuality "1"]
[WhiteTeam "Infinity B"]
[BlackTeam "Bohemians II"]
[WhiteTeamCountry "CZE"]
[BlackTeamCountry "CZE"]

1. d4 Nf6 2. c4 e5 3. dxe5 Ng4 4. Bf4 g5 5. Bg3 Nc6 6. Nf3 Bg7 7. Nc3 Ngxe5 8. Nxe5 Nxe5 9. e3 d6 10. h4 h6 11. c5 Bf5 12. cxd6 c6 13. hxg5 hxg5 14. Rxh8+ Bxh8 15. Qd2 Qf6 16. 0-0-0 0-0-0 17. e4 Be6 18. f3 Nd7 19. Bf2 Kb8 20. Be3 Rg8 21. Be2 Qe5 22. Kb1 Nb6 23. f4 Qa5 24. f5 Bd7 25. Bd4 f6 26. Qe3 Re8 27. Bxb6 axb6 28. Qd4 b5 29. a3 b6 30. Na2 c5 31. Qd5 b4 32. Qf7 Kc8 33. axb4 cxb4 34. Rc1+ Kd8 35. Qc4 Re5 36. Qc7+ Ke8 37. Qb8+ 1-0

[Event "CZE-chTV 0102"]
[Site "Czech Republic"]
[Date "2001.??.??"]
[Round "1"]
[White "Netusil, Miloslav"]
[Black "Choleva, Zdenek"]
[Result "1-0"]
[WhiteElo "2291"]
[BlackElo "2251"]
[PlyCount "59"]
[EventDate "2001.??.??"]
[EventType "team"]
[EventRounds "11"]
[EventCountry "CZE"]
[SourceTitle "EXT 2003"]
[Source "ChessBase"]
[SourceDate "2002.11.25"]
[SourceVersion "1"]
[SourceVersionDate "2002.11.25"]
[SourceQuality "1"]
[WhiteTeam "Vysehrad III"]
[BlackTeam "Bohemians II"]
[WhiteTeamCountry "CZE"]
[BlackTeamCountry "CZE"]

1. d4 Nf6 2. c4 e5 3. dxe5 Ng4 4. Bf4 g5 5. Bg3 Nc6 6. Nf3 Bg7 7. Nc3 Ngxe5 8. Nxe5 Nxe5 9. e3 d6 10. h4 g4 11. h5 Be6 12. Be2 f5 13. Nd5 Rf8 14. Bh4 Qd7 15. Qc2 b5 16. Rd1 c6 17. Nf4 Bxc4 18. b3 Bxe2 19. Nxe2 Kf7 20. h6 Bh8 21. Bg3 Ke7 22. Rh5 c5 23. Bh4+ Ke8 24. Ng3 c4 25. Nxf5 Nd3+ 26. Rxd3 cxd3 27. Qxd3 d5 28. Ng7+ Bxg7 29. hxg7 Qxg7 30. Qxb5+ 1-0

[Event "CZE-chT2 9900"]
[Site "Czech Republic"]
[Date "2000.??.??"]
[Round "?"]
[White "Choleva, Zdenek"]
[Black "Nun, Josef"]
[Result "0-1"]
[WhiteElo "2230"]
[BlackElo "2320"]
[PlyCount "82"]
[EventDate "1999.??.??"]
[EventType "team"]
[EventRounds "11"]
[EventCountry "CZE"]
[SourceTitle "EXT 2001"]
[Source "ChessBase"]
[SourceDate "2000.11.22"]
[SourceVersion "1"]
[SourceVersionDate "2000.11.22"]
[SourceQuality "1"]

1. b3 e5 2. Bb2 Nc6 3. e3 d6 4. Bb5 Bd7 5. Ne2 a6 6. Bxc6 Bxc6 7. 0-0 Qg5 8. f3 Nf6 9. c4 d5 10. f4 exf4 11. Nd4 fxe3 12. Nxc6 bxc6 13. Bxf6 gxf6 14. d4 Rd8 15. c5 Bxc5 16. dxc5 Qe5 17. Qc2 d4 18. Qf5 0-0 19. Qxe5 fxe5 20. Re1 f5 21. Na3 f4 22. Nc4 d3 23. Rad1 e2 24. Rd2 e4 25. Ne5 Rd5 26. Nxc6 e3 27. Rdxe2 Rxc5 28. Nd4 dxe2 29. Nxe2 Rc2 30. a4 c5 31. h3 f3 32. gxf3 Rxf3 33. Nc1 Rg3+ 34. Kh1 Rxh3+ 35. Kg1 h5 36. Nd3 Rg3+ 37. Kh1 h4 38. b4 c4 39. Nc5 h3 40. Nxa6 Rgg2 41. Nc5 Rh2+ 0-1

[Event "CZE-chT 9899"]
[Site "Czech Republic"]
[Date "1999.02.14"]
[Round "7"]
[White "Cempel, Jaroslav"]
[Black "Choleva, Zdenek"]
[Result "1-0"]
[WhiteElo "2273"]
[BlackElo "2230"]
[PlyCount "99"]
[EventDate "1998.10.31"]
[EventType "team-tourn"]
[EventRounds "11"]
[EventCountry "CZE"]
[SourceTitle "EXT 2019"]
[Source "ChessBase"]
[SourceDate "2018.10.10"]
[SourceVersion "1"]
[SourceVersionDate "2018.10.10"]
[SourceQuality "1"]
[WhiteTeam "Ostrava TJ Nova Hut"]
[BlackTeam "Praha Bohemians"]
[WhiteTeamCountry "CZE"]
[BlackTeamCountry "CZE"]

1. Nf3 c5 2. e4 Nc6 3. Bb5 Nd4 4. Nxd4 cxd4 5. 0-0 a6 6. Be2 e6 7. c3 Bc5 8. d3 Ne7 9. b4 Ba7 10. c4 d5 11. exd5 exd5 12. c5 b6 13. cxb6 Qxb6 14. a3 Bb8 15. Nd2 g5 16. Re1 h5 17. Bb2 g4 18. Nf1 Kf8 19. Rc1 Qf6 20. Rc2 Be5 21. Qa1 Nf5 22. Bd1 Be6 23. g3 Rg8 24. Rce2 Bd6 25. Ne3 a5 26. b5 Bc5 27. Nxf5 Bxf5 28. Re5 Kg7 29. Rxd5 Rge8 30. Rf1 Rad8 31. Rxc5 Bxd3 32. Bc2 Bxf1 33. Qxf1 Kf8 34. Rxh5 Re6 35. Bb3 Re4 36. Bc2 Re6 37. Bc1 d3 38. Bb3 d2 39. Bxd2 Rxd2 40. Bxe6 fxe6 41. Rc5 Rb2 42. Rc4 Qg6 43. Rf4+ Ke7 44. Qc4 Rc2 45. Qe4 Qxe4 46. Rxe4 Rb2 47. Rxg4 Rxb5 48. h4 Kd6 49. Rg5 e5 50. h5 1-0

[Event "CZE-chT2 9900"]
[Site "Czech Republic"]
[Date "1999.??.??"]
[Round "?"]
[White "Choleva, Zdenek"]
[Black "Vozka, Pavel"]
[Result "1/2-1/2"]
[WhiteElo "2230"]
[BlackElo "2260"]
[PlyCount "86"]
[EventDate "1999.??.??"]
[EventType "team"]
[EventRounds "11"]
[EventCountry "CZE"]
[SourceTitle "EXT 2001"]
[Source "ChessBase"]
[SourceDate "2000.11.22"]
[SourceVersion "1"]
[SourceVersionDate "2000.11.22"]
[SourceQuality "1"]

1. b3 e5 2. Bb2 Nc6 3. e3 d6 4. Bb5 Bd7 5. Ne2 a6 6. Bxc6 Bxc6 7. 0-0 Qg5 8. f3 Nf6 9. c4 d5 10. h4 Qh5 11. Ng3 Qxh4 12. Bxe5 0-0-0 13. d4 Nh5 14. Nxh5 Qxh5 15. Nc3 Bd6 16. Bxd6 Rxd6 17. cxd5 Bxd5 18. e4 Bc6 19. d5 Bd7 20. Qd4 Kb8 21. Rac1 Re8 22. Rc2 Rh6 23. Kf2 Qh4+ 24. Ke2 Qg3 25. Kd1 Rh2 26. Rg1 f5 27. Kc1 fxe4 28. fxe4 h5 29. Ne2 Qd6 30. Kb2 Rh4 31. Nc3 Rg4 32. Rf1 b6 33. Rf7 Re7 34. Rxe7 Qxe7 35. Rf2 Qd6 36. Nd1 Rf4 37. Rxf4 Qxf4 38. Ne3 g6 39. Kc3 Qf2 40. e5 Qe1+ 41. Kb2 Qf2+ 42. Ka3 Qe1 43. Kb2 Qf2+ 1/2-1/2

[Event "CZE-chT2 9900"]
[Site "Czech Republic"]
[Date "1999.??.??"]
[Round "?"]
[White "Stehno, Pavel"]
[Black "Choleva, Zdenek"]
[Result "0-1"]
[WhiteElo "2174"]
[BlackElo "2230"]
[PlyCount "68"]
[EventDate "1999.??.??"]
[EventType "team"]
[EventRounds "11"]
[EventCountry "CZE"]
[SourceTitle "EXT 2001"]
[Source "ChessBase"]
[SourceDate "2000.11.22"]
[SourceVersion "1"]
[SourceVersionDate "2000.11.22"]
[SourceQuality "1"]

1. e4 c5 2. Nf3 Nc6 3. d4 cxd4 4. Nxd4 e5 5. Nb5 Nf6 6. N1c3 d6 7. Bg5 a6 8. Na3 b5 9. Nd5 Be7 10. Bxf6 Bxf6 11. c3 Be6 12. Nc2 Bxd5 13. Qxd5 Ne7 14. Qd3 d5 15. Rd1 d4 16. cxd4 exd4 17. Qd2 Nc6 18. Bd3 g5 19. 0-0 Be5 20. f3 h5 21. g3 h4 22. f4 Bc7 23. Qg2 hxg3 24. e5 Ne7 25. Be4 gxf4 26. Bxa8 d3 27. Qe4 Bb6+ 28. Kg2 Qc8 29. e6 Qxc2+ 30. Kf3 g2 31. exf7+ Kf8 32. Qxf4 gxf1Q+ 33. Rxf1 Qe2+ 34. Kg3 Qxh2+ 0-1

[Event "CZE-chT 9798"]
[Site "Czech Republic"]
[Date "1998.02.08"]
[Round "7"]
[White "Suran, Jan"]
[Black "Choleva, Zdenek"]
[Result "1/2-1/2"]
[WhiteElo "2280"]
[BlackElo "2250"]
[PlyCount "158"]
[EventDate "1997.11.15"]
[EventType "team-tourn"]
[EventRounds "11"]
[EventCountry "CZE"]
[SourceTitle "EXT 2019"]
[Source "ChessBase"]
[SourceDate "2018.10.10"]
[SourceVersion "1"]
[SourceVersionDate "2018.10.10"]
[SourceQuality "1"]
[WhiteTeam "Praha Mladi"]
[BlackTeam "Praha Bohemians"]
[WhiteTeamCountry "CZE"]
[BlackTeamCountry "CZE"]

1. e4 c5 2. Nf3 Nc6 3. Bb5 Nd4 4. Nxd4 cxd4 5. 0-0 a6 6. Bd3 e5 7. c3 Bc5 8. b4 Ba7 9. Bb2 dxc3 10. dxc3 d6 11. Nd2 Nf6 12. Nc4 Be6 13. Ne3 Bxe3 14. fxe3 Rc8 15. b5 0-0 16. bxa6 bxa6 17. Bxa6 Ra8 18. Qd3 Qb6 19. Bb5 Bxa2 20. c4 Bxc4 21. Bxc4 Qxb2 22. Bxf7+ Kh8 23. Rxa8 Rxa8 24. Qxd6 Qc3 25. Bd5 Qxe3+ 26. Kh1 Qf2 27. Qf8+ Rxf8 28. Rxf2 g6 29. Kg1 Kg7 30. Ra2 Rd8 31. Ra5 Nxd5 32. exd5 Kf6 33. Kf2 Kf5 34. Ke3 h5 35. h3 h4 36. Rb5 g5 37. Ra5 Rd6 38. Rb5 Ra6 39. Rb8 Ra3+ 40. Kf2 Ra2+ 41. Kf1 Ke4 42. d6 Rd2 43. Rb4+ Kf5 44. Rb6 Kf4 45. Ke1 Rd4 46. Ke2 e4 47. Ra6 Rd5 48. Rb6 Ke5 49. Rb3 Rxd6 50. Ke3 Rd5 51. Rc3 Ra5 52. Rb3 Kf5 53. Rc3 Ra2 54. Rc5+ Kg6 55. Kxe4 Rxg2 56. Rc6+ Kh5 57. Rc3 Rf2 58. Ke3 Rf6 59. Rb3 Kg6 60. Ra3 g4 61. hxg4 Kg5 62. Ra8 h3 63. Rh8 Kxg4 64. Ke2 Rf4 65. Rg8+ Kh4 66. Rh8+ Kg3 67. Rg8+ Kh2 68. Rg7 Ra4 69. Rg8 Ra2+ 70. Kf1 Rg2 71. Rh8 Rg5 72. Rh7 Rg2 73. Rh8 Rg3 74. Kf2 Rg4 75. Rh7 Rf4+ 76. Ke2 Kg2 77. Rg7+ Kh1 78. Rh7 h2 79. Rg7 Rg4 1/2-1/2

[Event "CZE-chT2 9798"]
[Site "Czech Republic"]
[Date "1998.??.??"]
[Round "10.3"]
[White "Choleva, Zdenek"]
[Black "Nemec, Pavel"]
[Result "1/2-1/2"]
[WhiteElo "2250"]
[BlackElo "2275"]
[PlyCount "82"]
[EventDate "1997.??.??"]
[EventType "team"]
[EventRounds "11"]
[EventCountry "CZE"]
[SourceTitle "EXT 1999"]
[Source "ChessBase"]
[SourceDate "1998.11.16"]
[SourceVersion "1"]
[SourceVersionDate "1998.11.16"]
[SourceQuality "1"]

1. b3 c5 2. Bb2 Nc6 3. e3 e6 4. f4 Nf6 5. Nf3 d6 6. g3 Be7 7. Bg2 0-0 8. 0-0 Qc7 9. d3 Rb8 10. a4 a6 11. Nbd2 b5 12. axb5 axb5 13. Ng5 d5 14. Ndf3 h6 15. Nh3 Ng4 16. Qe2 Bf6 17. d4 Be7 18. Ne5 Ngxe5 19. fxe5 f6 20. Qh5 fxe5 21. dxe5 Bd7 22. Nf4 d4 23. exd4 cxd4 24. Nd3 Bg5 25. Be4 Be3+ 26. Kg2 Ne7 27. Nf4 Bc6 28. Qf3 Rbc8 29. Ba3 Bxe4 30. Qxe4 Qxc2+ 31. Qxc2 Rxc2+ 32. Kh3 Re8 33. Bxe7 Rxe7 34. Ng6 Re8 35. Ra7 Rf2 36. Rxf2 Bxf2 37. Rd7 Be3 38. Kg4 Kh7 39. Nf4 Bxf4 40. gxf4 Kg6 41. Kf3 Rc8 1/2-1/2

[Event "CZE-chT2 9899"]
[Site "Czech Republic"]
[Date "1998.??.??"]
[Round "?"]
[White "Choleva, Zdenek"]
[Black "Vojta, Tomas"]
[Result "1-0"]
[WhiteElo "2250"]
[BlackElo "2195"]
[PlyCount "62"]
[EventDate "1998.??.??"]
[EventType "team"]
[EventRounds "11"]
[EventCountry "CZE"]
[SourceTitle "EXT 2000"]
[Source "ChessBase"]
[SourceDate "1999.11.16"]
[SourceVersion "1"]
[SourceVersionDate "1999.11.16"]
[SourceQuality "1"]

1. b3 c5 2. Bb2 Nc6 3. e3 Nf6 4. f4 g6 5. Nc3 d5 6. Bb5 Bg7 7. Bxc6+ bxc6 8. Na4 c4 9. Bd4 cxb3 10. cxb3 0-0 11. Rc1 Bd7 12. Nc5 Bg4 13. Nf3 Ne4 14. Bxg7 Kxg7 15. Qc2 Bxf3 16. gxf3 Nd6 17. Ke2 Rc8 18. h4 Ne8 19. h5 Qd6 20. Rcg1 d4 21. Ne4 Qd7 22. Ng5 Nf6 23. hxg6 hxg6 24. f5 Rcd8 25. exd4 Rh8 26. fxg6 Rxh1 27. Rxh1 fxg6 28. Qd3 e5 29. Qc4 Re8 30. Kd1 exd4 31. Rh4 d3 1-0